01197nam a2200241Ia 450000100060000000300090000600800410001504000130005604000130006904100130008210000230009510000290011824500630014724500630021025000110027326000110028426000160029526000410031130000430035250005050039565000240090065000310092415719IT-RoPAU130308s9999 xx 000 0 und d aIT-RoPAU cIT-RoPAU aITALIANO aCelentano Fabrizio gCodice Aut. SPICS: 8221 aSviluppo del negativo, sensitometria e chimica fotografica bSviluppo del Negativo, Sensitometria e chimica Fotografica a4a ed. aMILANO bIl Castello c1971 [1° Ed.: - Ed.Ling.Originale:] a"248 p. (prefazione: no ; testo: 248)" aProcesso fotografico Tecnica ed Espressione chimica Fotografica Materiali fotografici Sensitometria Qualità€ dell'Immagine Materiali negativi in bianco e Nero Azione Dello Sviluppo Sviluppo a grana Fine Sviluppo Ad Alta Nitidezza prodotti per Lo Sviluppo Esame di Alcune Formule integratore Arresto Fissaggio e Lavaggio Monobagno variabili Operative Problemi di Sviluppo Indebolimento e Rinforzo Inversione Depurazione dell'acqua per Usi Fotograficiformulario prodotti e Termici Chimici Bibliografia aTECNICA FOTOGRAFICA eCodice materia Spics: 6752